000 00672nam a22002297a 4500
003 UA-OsUOA
001 51863
007 ta
008 20141030b un ||||| |||| 00| 0 ukr d
090 _a011
_bЯ76
942 _cBR
040 _aUA-OsUOA
_bukr
_cUA-OsUOA
_dUA-OsUOA
245 _aЯрослав Дашкевич. Бібліографія
300 _a56 с.
955 _a1
041 _aukr
080 _a011
260 _aЛьвів
_c1989
650 7 _a01 Бібліографія і бібліографії. Каталоги
_2UDC
999 _c431987
_d431987